000 00435aam a2200169 4500
005 20160902143625.0
008 150731b xxu||||| |||| 00| 0 spa d
041 _aEspañol
082 _a333.73 I35i
245 _aInforme sobre control de la contaminación del suelo
260 _aCosta Rica
260 _bMinisterio de Salud
260 _c1981
300 _a78 páginas
650 _aCONTAMINACIÓN DE SUELOS
_917589
942 _cBK
999 _c438
_d438